Invisible Countries of Europe Quiz Stats

 Plays Quiz Updated Feb 13, 2019

Support Sporcle.
Go Orange.
Score 0/47 Timer 07:00
13 Plays Today
% Correct
United Kingdom
97.6%
France
97%
Spain
96.5%
Germany
96.3%
Sweden
95.9%
Portugal
95.2%
Italy
95%
Norway
94.8%
Ireland
94.8%
Finland
94.6%
Greece
93.2%
Denmark
93.2%
Russia
92.9%
Poland
92.7%
Belgium
92.5%
Austria
91.9%
The Netherlands
91.9%
Switzerland
91.8%
Iceland
90.6%
Czechia
90.3%
Turkey
90.2%
Latvia
89.9%
Hungary
89.5%
Luxembourg
89.3%
% Correct
Slovakia
89.2%
Vatican City
89.2%
Estonia
88.9%
Lithuania
88.9%
Ukraine
88.1%
Andorra
88.1%
Romania
87.8%
Slovenia
87.2%
Croatia
86.6%
Serbia
85.4%
Belarus
85.1%
Cyprus
84.9%
Monaco
84.8%
Bulgaria
84.7%
Albania
84.7%
Liechtenstein
83.9%
Malta
83.2%
Bosnia and Herzegovina
83.1%
San Marino
82.5%
North Macedonia
82.1%
Montenegro
80%
Kosovo
79.2%
Moldova
78.6%

From the Vault

Famous Quotes About 'U' & 'V'

by citkeane

History 8m
Better bring your sunscreen!
Remove Ads.
Support Sporcle.
Get the best of Sporcle when you Go Orange. This ad-free experience offers more features, more stats, and more fun while also helping to support Sporcle. Thank you for becoming a member.

Show Comments

Extras

Top Quizzes Today


Score Distribution

Your Account Isn't Verified!

In order to create a playlist on Sporcle, you need to verify the email address you used during registration. Go to your Sporcle Settings to finish the process.

Report this User

Report this user for behavior that violates our Community Guidelines.

Details: